000 00697nam a2200241 a 4500
001 BRL_437
005 20190320210736.0
008 130813s1942----mx-a######---#000-0#spa-#
041 _aspa
044 _amx
050 4 _aF1219.1
_b.C37 1942
100 1 _aCaso, Alfonso
_d1896-
_923910
245 1 0 _aCulturas mixteca y zapoteca
_cAlfonso Caso.
260 _aMéxico
_bEdiciones Encuadernables El Nacional
_c[1942]
300 _a116 p.
_bil., mapas
_c20 cm.
500 _aEstado físico: encuadernado, octubre 2013
500 _aAu427
650 1 4 _aMixtecas
_923911
650 1 4 _aZapotecas
_910464
651 4 _aOaxaca, México (Estado)
_xAntigüedades
_923912
902 _aGRL
942 _2lcc
_cB
999 _c9249
_d9249